Gen 3 Pokémon - Statistics

General Stats
  • This quiz has been taken 49 times
  • The average score is 81 of 135
Answer Stats
Number Type Answer % Correct
252 Grass Treecko
100%
258 Water Mudkip
97%
256 Fire/Fighting Combusken
94%
259 Water/Ground Marshtomp
94%
255 Fire Torchic
94%
257 Fire/Fighting Blaziken
91%
253 Grass Grovyle
91%
254 Grass Sceptile
91%
260 Water/Ground Swampert
88%
262 Dark Mightyena
84%
261 Dark Poochyena
84%
265 Bug Wurmple
84%
268 Bug Cascoon
81%
386 Psychic Deoxys
81%
383 Ground Groudon
81%
382 Water Kyogre
81%
384 Dragon/Flying Rayquaza
81%
266 Bug Silcoon
81%
267 Bug/Flying Beautifly
78%
282 Psychic/Fairy Gardevoir
78%
281 Psychic/Fairy Kirlia
78%
280 Psychic/Fairy Ralts
78%
285 Grass Shroomish
78%
277 Normal/Flying Swellow
78%
276 Normal/Flying Taillow
78%
263 Normal Zigzagoon
78%
286 Grass/Fighting Breloom
75%
269 Bug/Poison Dustox
75%
309 Electric Electrike
75%
330 Ground/Dragon Flygon
75%
264 Normal Linoone
75%
270 Water/Grass Lotad
75%
283 Bug/Water Surskit
75%
306 Steel/Rock Aggron
72%
380 Dragon/Psychic Latias
72%
381 Dragon/Psychic Latios
72%
272 Water/Grass Ludicolo
72%
310 Electric Manectric
72%
308 Fighting/Psychic Medicham
72%
307 Fighting/Psychic Meditite
72%
279 Water/Flying Pelipper
72%
378 Ice Regice
72%
377 Rock Regirock
72%
379 Steel Registeel
72%
292 Bug/Ghost Shedinja
72%
328 Ground Trapinch
72%
329 Ground/Dragon Vibrava
72%
278 Water/Flying Wingull
72%
304 Steel/Rock Aron
69%
297 Fighting Hariyama
69%
296 Fighting Makuhita
69%
376 Steel/Psychic Metagross
69%
291 Bug/Flying Ninjask
69%
302 Dark/Ghost Sableye
69%
289 Normal Slaking
69%
371 Dragon Bagon
66%
374 Steel/Psychic Beldum
66%
385 Steel/Psychic Jirachi
66%
305 Steel/Rock Lairon
66%
303 Steel/Fairy Mawile
66%
322 Fire/Ground Numel
66%
373 Dragon/Flying Salamence
66%
273 Grass Seedot
66%
323 Fire/Ground Camerupt
63%
271 Water/Grass Lombre
63%
284 Bug/Flying Masquerain
63%
375 Steel/Psychic Metang
63%
274 Grass/Dark Nuzleaf
63%
319 Water/Dark Sharpedo
63%
372 Dragon Shelgon
63%
275 Grass/Dark Shiftry
63%
287 Normal Slakoth
63%
324 Fire Torkoal
63%
318 Water/Dark Carvanha
59%
345 Rock/Grass Lileep
59%
337 Rock/Psychic Lunatone
59%
312 Electric Minun
59%
290 Bug/Ground Nincada
59%
311 Electric Plusle
59%
338 Rock/Psychic Solrock
59%
333 Normal/Flying Swablu
59%
288 Normal Vigoroth
59%
340 Water/Ground Whiscash
59%
359 Dark Absol
56%
334 Dragon/Flying Altaria
56%
354 Ghost Banette
56%
339 Water/Ground Barboach
56%
344 Ground/Psychic Claydol
56%
355 Ghost Duskull
56%
294 Normal Loudred
56%
357 Grass/Flying Tropius
56%
346 Rock/Grass Cradily
53%
356 Ghost Dusclops
53%
295 Normal Exploud
53%
353 Ghost Shuppet
53%
293 Normal Whismur
53%
347 Rock/Bug Anorith
50%
348 Rock/Bug Armaldo
50%
343 Ground/Psychic Baltoy
50%
363 Ice/Water Spheal
50%
321 Water Wailord
47%
369 Water/Rock Relicanth
44%
320 Water Wailmer
44%
365 Ice/Water Walrein
44%
362 Ice Glalie
41%
350 Water Milotic
41%
299 Rock Nosepass
41%
364 Ice/Water Sealeo
41%
361 Ice Snorunt
41%
366 Water Clamperl
38%
349 Water Feebas
38%
368 Water Gorebyss
38%
367 Water Huntail
38%
336 Poison Seviper
38%
331 Grass Cacnea
34%
332 Grass/Dark Cacturne
34%
341 Water Corphish
31%
342 Water/Dark Crawdaunt
31%
314 Bug Illumise
31%
315 Grass/Poison Roselia
31%
300 Normal Skitty
31%
325 Psychic Spoink
31%
298 Normal/Fairy Azurill
28%
301 Normal Delcatty
28%
326 Psychic Grumpig
28%
316 Poison Gulpin
28%
370 Water Luvdisc
28%
317 Poison Swalot
28%
313 Bug Volbeat
28%
327 Normal Spinda
25%
335 Normal Zangoose
25%
352 Normal Kecleon
22%
351 Normal Castform
16%
358 Psychic Chimecho
13%
360 Psychic Wynaut
9%
No matching quizzes found
Score Distribution
Percent of People with Each Score
Percentile by Number Answered
Your Score History
You have not taken this quiz